000 00376nam a2200145Ia 4500
008 230917s9999||||xx |||||||||||||| ||und||
040 _e49127
_aMAIN
041 _aEnglish
082 _a829.441 T129C
100 _aTagore, Robindranath
245 0 _aCollected poems and plays of Robindranath Tagore
260 _aLondon
_bMacmillan
_c1977
300 _a577 p.
942 _cBK
999 _c187977
_d187977